| Поле | Название | Значение |
| |
Тип записи |
a |
| |
Библиографический уровень |
m |
| 001 |
Контрольный номер |
RU/IS/BASE/470249694 |
| 005 |
Дата корректировки |
20240410121224.1 |
| 010 |
Индекс ISBN |
__ |
| a |
ISBN |
978-5-486-01660-8 (в пер.) |
| d |
Цена |
216-02 |
| 100 |
Данные общей обработки |
__ |
| a |
Данные общей обработки |
19141125d2007||||||| 0rusy0189 ca |
| 101 |
Язык документа |
0_ |
| a |
Язык текста |
rus |
| 102 |
Страна публикации |
__ |
| a |
Страна публикации |
ru| |
| 105 |
Кодированные данные (монография) |
__ |
| a |
Кодированные данные (монография) |
ao||e|||000zy |
| 200 |
Заглавие и сведения об ответственности |
1_ |
| a |
Заглавие |
История Древнего мира |
| e |
Сведения, относящиеся к заглавию |
[6+] |
| f |
Первые сведения об ответственности |
[Ю. Ю. Чудина] |
| b |
Общее обозначение материала |
Текст |
| 210 |
Выходные данные |
__ |
| a |
Место издания |
Москва |
| c |
Издательство |
Мир книги |
| d |
Дата издания |
2007 |
| 215 |
Физическое описание |
__ |
| a |
Объем |
191 с. |
| c |
Иллюстрации/тип воспроизводства |
ил., фот. |
| d |
Формат |
24 см |
| 225 |
Серия |
__ |
| a |
Серия |
Современная школьная энциклопедия |
| 300 |
Общие примечания |
__ |
| a |
Общие примечания |
Авт. указ. в вып. дан. и на обороте тит. л. |
| 300 |
Общие примечания |
__ |
| a |
Общие примечания |
13000 экз. |
| 330 |
Аннотация |
__ |
| a |
Аннотация |
Знаете ли вы имя самого могущественного императора Древнего Египта? Что обнаружили французские археологи среди развалин древнейшего города Сузы? Кто такие скифы? Что привело к падению империи Хань? Каковы особенности афинской демократии? Интереснейшие факты об истории становления, расцвета и падения некогда могущественных великих империй, тайны древних цивилизаций Египта, Месопотамии, Ирана и Закавказья, мнения ведущих историографов, новые данные археологии - все это в увлекательном томе современной школьной энциклопедии. Это ваш первый помощник в подготовке к экзаменам. |
| 333 |
Примечание о целевом назначении |
__ |
| a |
Примечание о целевом назначении |
6+. Для детей старше шести лет |
| 606 |
Тематические рубрики |
__ |
| a |
Основная рубрика |
История |
| y |
Географическая подрубрика |
Армения |
| y |
Географическая подрубрика |
Афины |
| y |
Географическая подрубрика |
Вавилон |
| y |
Географическая подрубрика |
Государство Ахеменидов |
| y |
Географическая подрубрика |
Греция |
| y |
Географическая подрубрика |
Древний Египет |
| y |
Географическая подрубрика |
Древний Иран |
| y |
Географическая подрубрика |
Древний Китай |
| y |
Географическая подрубрика |
Древний Рим |
| y |
Географическая подрубрика |
Древняя Греция |
| y |
Географическая подрубрика |
Древняя Индия |
| y |
Географическая подрубрика |
Египет |
| y |
Географическая подрубрика |
Закавказье |
| y |
Географическая подрубрика |
Иберия |
| y |
Географическая подрубрика |
Империя Хань |
| y |
Географическая подрубрика |
Индия |
| y |
Географическая подрубрика |
Иран |
| y |
Географическая подрубрика |
Кавказская Албания |
| y |
Географическая подрубрика |
Картлийское царство |
| y |
Географическая подрубрика |
Китай |
| y |
Географическая подрубрика |
Колхида |
| y |
Географическая подрубрика |
Месопотамия |
| y |
Географическая подрубрика |
Мидия |
| y |
Географическая подрубрика |
Рим |
| y |
Географическая подрубрика |
Скифия |
| y |
Географическая подрубрика |
Урарту |
| y |
Географическая подрубрика |
Царство Цинь |
| y |
Географическая подрубрика |
Шумерское царство |
| y |
Географическая подрубрика |
Элам |
| y |
Географическая подрубрика |
Южная Индия |
| 606 |
Тематические рубрики |
__ |
| a |
Основная рубрика |
Всемирная история |
| 610 |
Ключевые слова |
__ |
| a |
Ключевые слова |
верования |
| a |
Ключевые слова |
войны |
| a |
Ключевые слова |
войны |
| a |
Ключевые слова |
государства |
| a |
Ключевые слова |
детская литература |
| a |
Ключевые слова |
древнекитайская философия |
| a |
Ключевые слова |
древние цивилизации |
| a |
Ключевые слова |
древний мир |
| a |
Ключевые слова |
древняя история |
| a |
Ключевые слова |
завоевания |
| a |
Ключевые слова |
завоевания |
| a |
Ключевые слова |
исторические деятели |
| a |
Ключевые слова |
исторические сведения |
| a |
Ключевые слова |
исторические события |
| a |
Ключевые слова |
королевства |
| a |
Ключевые слова |
культура |
| a |
Ключевые слова |
образ жизни |
| a |
Ключевые слова |
персоналии |
| a |
Ключевые слова |
познавательная литература |
| a |
Ключевые слова |
происхождение скифов |
| a |
Ключевые слова |
религии |
| a |
Ключевые слова |
реформы |
| a |
Ключевые слова |
скифы |
| a |
Ключевые слова |
философские течения |
| a |
Ключевые слова |
царства |
| 686 |
Индексы других классификаций |
__ |
| 2 |
Код системы |
rubbks |
| a |
Классификационный индекс |
ст63.3(0)3я2 |
| 700 |
Автор |
_1 |
| a |
Фамилия |
Чудина |
| b |
Имя |
Ю. Ю. |
| g |
Полное личное имя |
Юлия Юрьевна |
| 4 |
Код отношения |
070 |
| 801 |
Источник записи |
_0 |
| a |
Страна |
ru |
| b |
Организация |
Муниципальное бюджетное учреждение культуры "Централизованная библиотечная система" г. Сургут (Центральная городская библиотека им. А. С. Пушкина) |
| c |
Дата составления |
20141125 |
| g |
Правила каталогизации |
КиК/Лукашук |
| 801 |
Источник записи |
_1 |
| a |
Страна |
ru |
| b |
Организация |
Муниципальное бюджетное учреждение культуры "Централизованная библиотечная система" г. Сургут (Центральная городская библиотека им. А. С. Пушкина) |
| c |
Дата составления |
20141125 |
| g |
Правила каталогизации |
КиК/Лукашук |
| 852 |
Данные о местонахождении |
__ |
| j |
Шифр хранения |
ст63.3(0)3я2 |
| i |
Авторский знак |
Ч-84 |
| 901 |
Тип документа |
1_ |
| t |
Тип документа |
m |
| 903 |
Характеристики (МАРС) |
__ |
| a |
Дата передачи |
20141125 |
| 969 |
Тип издания |
__ |
| a |
Тип издания |
энциклопедия; издание для детей |
| 990 |
Данные о заказе (DOS) |
__ |
| j |
Количество экземпляров (DOS) |
1 |
| t |
N записи в КСУ для И/У (DOS) |
201411 |